00421nam a22001337a 4500003000400000008004100004020001800045100005900063245007700122250000800199260003100207300000800238650004100246OSt200529b ||||| |||| 00| 0 eng d a9781555814984 aBernard R. Glick, Jack J. Pasternak, Cheryl L. Patten  aMolecular Biotechnology: Principles and Applications of Recombinant DNA  a5th aNew DelhibASM Pressc2018 a740 aPharmaceutical Microbiology/ Biotech